| 000 | 00482nam a2200181Ia 4500 | ||
|---|---|---|---|
| 008 | 240925s9999 xx 000 0 und d | ||
| 020 | _a8176355887 | ||
| 082 | _a005.2762 WAL | ||
| 100 | _aWalther, Stephen | ||
| 245 | 0 | _aASP .Net Unleashed | |
| 250 | _aNA | ||
| 260 |
_aNew Delhi: _bTechmedia _c,2002. |
||
| 300 |
_axiii,254p. _bNA _fPhotocopy |
||
| 500 | _aIncludes Index | ||
| 600 | _aComputer Science | ||
| 650 | _aComputer science, information & general works | ||
| 942 | _cBK | ||
| 999 |
_c7150 _d7150 |
||